[Event "31st Bulgarian Open Chmpionshi"]
[Site "Plovdiv, Bulgaria"]
[Date "2009.02.03"]
[Round "4.18"]
[White "Dochev, Dimitar"]
[Black "Vladimirov, Vladimir"]
[Result "1-0"]
[WhiteElo "2433"]
[BlackElo "2227"]
[PlyCount "63"]
[EventDate "2009.02.01"]

1. e4 c5 2. Nf3 d6 3. d4 Nf6 4. Nc3 cxd4 5. Nxd4 a6 6. Be3 e5 7. Nf3 Qc7 8. a4
Be7 9. a5 O-O 10. Be2 Nbd7 11. Nd2 Nc5 12. Nd5 Nxd5 13. exd5 Bf5 14. O-O Bg6
15. b4 Ne4 16. Nxe4 Bxe4 17. c4 Rac8 18. Qb3 Qd7 19. Rac1 h6 20. Rfd1 f5 21. f3
f4 22. Bb6 Bg6 23. c5 Bf7 24. Qb1 Bd8 25. Bd3 Be8 26. c6 Qf7 27. Be4 Bh4 28.
Qd3 Kh8 29. Rc2 Bd8 30. Rdc1 Ra8 31. c7 Bb5 32. cxd8=Q 1-0

[Event "31st Bulgarian Open Chmpionshi"]
[Site "Plovdiv, Bulgaria"]
[Date "2009.02.03"]
[Round "4.19"]
[White "Simjanovski, Saso"]
[Black "Popovic, Milos T"]
[Result "1/2-1/2"]
[WhiteElo "2217"]
[BlackElo "2400"]
[PlyCount "26"]
[EventDate "2009.02.01"]

1. Nf3 Nf6 2. g3 b6 3. Bg2 Bb7 4. O-O e6 5. d3 c5 6. Nbd2 d5 7. Re1 Be7 8. e4
O-O 9. e5 Ne8 10. Nf1 Nc7 11. h4 Nd7 12. Bf4 d4 13. N1h2 Nd5 1/2-1/2

[Event "31st Bulgarian Open Chmpionshi"]
[Site "Plovdiv, Bulgaria"]
[Date "2009.02.03"]
[Round "4.20"]
[White "Nikolov, Sasho"]
[Black "Janchev, Petar"]
[Result "1-0"]
[WhiteElo "2398"]
[BlackElo "2208"]
[PlyCount "59"]
[EventDate "2009.02.01"]

1. e4 g6 2. d4 Bg7 3. Nc3 d6 4. f4 Nf6 5. a3 O-O 6. Nf3 b6 7. Bd3 Bb7 8. O-O c5
9. d5 Na6 10. e5 Nd7 11. e6 fxe6 12. Ng5 Nc7 13. dxe6 Nf6 14. f5 gxf5 15. Bxf5
Qe8 16. a4 Qc6 17. Rf3 d5 18. Qe1 d4 19. Nce4 Ncd5 20. Qh4 h5 21. Bg6 Bc8 22.
Bf7+ Rxf7 23. exf7+ Kf8 24. Qxh5 e5 25. Nxf6 Nxf6 26. Rxf6 Bg4 27. Nh7+ Ke7 28.
Qxe5+ Kd7 29. f8=N+ Rxf8 30. Nxf8+ 1-0

[Event "31st Bulgarian Open Chmpionshi"]
[Site "Plovdiv, Bulgaria"]
[Date "2009.02.03"]
[Round "4.21"]
[White "Mitkov, Marjan"]
[Black "Vlashki, Nino"]
[Result "0-1"]
[WhiteElo "2387"]
[BlackElo "2200"]
[PlyCount "98"]
[EventDate "2009.02.01"]

1. d4 Nf6 2. c4 g6 3. Nc3 Bg7 4. e4 O-O 5. Bd3 c5 6. d5 d6 7. Nf3 Bg4 8. h3
Bxf3 9. Qxf3 Nbd7 10. Qe2 e6 11. O-O exd5 12. cxd5 a6 13. a4 Re8 14. Bf4 Ne5
15. Bc2 Qb6 16. b3 Rac8 17. Be3 Qa5 18. Bd2 c4 19. b4 Qc7 20. Rab1 Nd3 21. Bxd3
cxd3 22. Qxd3 Qc4 23. Qxc4 Rxc4 24. Rfe1 Nxe4 25. Nxe4 Rexe4 26. Rxe4 Rxe4 27.
Rc1 Kf8 28. Rc8+ Re8 29. Rc7 Re7 30. Rc4 f5 31. Bg5 Rd7 32. b5 axb5 33. axb5
Kf7 34. Kf1 Bf6 35. Be3 Bb2 36. g4 Ba3 37. Rc8 Bc5 38. b6 Bxe3 39. fxe3 Re7 40.
Rh8 Kg7 41. Rd8 Rxe3 42. Rxd6 Kf7 43. Rd7+ Re7 44. Rc7 Ke8 45. Kf2 Rxc7 46.
bxc7 Kd7 47. d6 b5 48. Ke3 b4 49. Kd4 b3 0-1

[Event "31st Bulgarian Open Chmpionshi"]
[Site "Plovdiv, Bulgaria"]
[Date "2009.02.03"]
[Round "4.22"]
[White "Balinov, Feri"]
[Black "Mrdja, Milan"]
[Result "0-1"]
[WhiteElo "2147"]
[BlackElo "2386"]
[PlyCount "42"]
[EventDate "2009.02.01"]

1. Nf3 g6 2. e4 Bg7 3. d4 d6 4. Bc4 e6 5. Bg5 Ne7 6. Bb3 h6 7. Be3 b6 8. Nc3
Bb7 9. Qd2 Nd7 10. O-O a6 11. a4 Nf6 12. d5 e5 13. h3 g5 14. Nh2 Ng6 15. f3 Nf4
16. Ng4 Bc8 17. Ne2 Bxg4 18. hxg4 h5 19. Ng3 hxg4 20. Nf5 Kf8 21. Bxf4 exf4 0-1

[Event "31st Bulgarian Open Chmpionshi"]
[Site "Plovdiv, Bulgaria"]
[Date "2009.02.03"]
[Round "4.23"]
[White "Pantev, Veselin"]
[Black "Asparuhov, Parvan"]
[Result "1-0"]
[WhiteElo "2381"]
[BlackElo "2152"]
[PlyCount "65"]
[EventDate "2009.02.01"]

1. d4 d5 2. c4 c6 3. Nf3 Nf6 4. Qc2 a6 5. g3 g6 6. Bg2 Bg7 7. O-O O-O 8. Bf4
Nbd7 9. cxd5 Nxd5 10. Bg5 N7f6 11. e4 Nc7 12. h3 Be6 13. Kh2 Nb5 14. Rd1 h6 15.
Be3 a5 16. Nbd2 a4 17. Nf1 Qa5 18. Bd2 Qa7 19. Bb4 Rfe8 20. Ne3 Rad8 21. Bc5
Qa6 22. Bf1 Qa5 23. Ne5 Nd7 24. Nxd7 Rxd7 25. d5 cxd5 26. exd5 Bf5 27. Nxf5
gxf5 28. Qxf5 Red8 29. Rac1 b6 30. Be3 Nc7 31. Bd3 Qxd5 32. Qh7+ Kf8 33. Bxh6
1-0

[Event "31st Bulgarian Open Chmpionshi"]
[Site "Plovdiv, Bulgaria"]
[Date "2009.02.03"]
[Round "4.24"]
[White "Milchev, Nikolay"]
[Black "Tiholov, Todor"]
[Result "1-0"]
[WhiteElo "2377"]
[BlackElo "2056"]
[PlyCount "63"]
[EventDate "2009.02.01"]

1. Nf3 d5 2. c4 e6 3. g3 Nf6 4. Bg2 Be7 5. O-O O-O 6. d4 dxc4 7. Ne5 c5 8. dxc5
Qxd1 9. Rxd1 Bxc5 10. Nc3 a6 11. Bf4 Nh5 12. Nxc4 Nxf4 13. gxf4 Nc6 14. Na4 Ba7
15. Nab6 Rb8 16. Rac1 h6 17. b3 g5 18. fxg5 hxg5 19. e3 Kg7 20. Bxc6 bxc6 21.
Nd7 Bxd7 22. Rxd7 Bb6 23. Ne5 c5 24. Nc4 Rfc8 25. Rd6 Bc7 26. Rxa6 Rh8 27. Ra7
Bxh2+ 28. Kg2 Rh4 29. Rh1 Rbh8 30. Rb7 Kg6 31. a4 g4 32. a5 1-0

[Event "31st Bulgarian Open Chmpionshi"]
[Site "Plovdiv, Bulgaria"]
[Date "2009.02.03"]
[Round "4.25"]
[White "Janachkov, Angel"]
[Black "Voiska, Margarita"]
[Result "1/2-1/2"]
[WhiteElo "2243"]
[BlackElo "2339"]
[PlyCount "41"]
[EventDate "2009.02.01"]

1. g3 d5 2. Bg2 e5 3. d3 Nc6 4. Nf3 Nf6 5. O-O Bg4 6. h3 Bxf3 7. Bxf3 Bc5 8.
Bg2 Ne7 9. c4 dxc4 10. Qa4+ c6 11. Qxc4 Bb6 12. Nc3 Nf5 13. e3 O-O 14. Na4 Qd6
15. Nxb6 axb6 16. Bd2 Rfd8 17. Bc3 Nd5 18. Rfd1 b5 19. Qb3 Nxc3 20. Qxc3 Qe6
21. a3 1/2-1/2

[Event "31st Bulgarian Open Chmpionshi"]
[Site "Plovdiv, Bulgaria"]
[Date "2009.02.03"]
[Round "4.26"]
[White "Lilov, Valeri"]
[Black "Dilkov, Valentin"]
[Result "1-0"]
[WhiteElo "2443"]
[BlackElo "1953"]
[PlyCount "57"]
[EventDate "2009.02.01"]

1. e4 g6 2. d4 Bg7 3. f4 b6 4. Nf3 Bb7 5. Bd3 e6 6. Nc3 Ne7 7. h4 d5 8. e5 Nf5
9. g4 Ng3 10. Rh3 Ne4 11. Qe2 Nxc3 12. bxc3 h5 13. Ng5 Qe7 14. gxh5 Rxh5 15.
Qg4 Rh6 16. h5 gxh5 17. Rxh5 Nd7 18. Rxh6 Bxh6 19. Nxf7 Nf8 20. Nxh6 O-O-O 21.
f5 Kb8 22. Bg5 Qa3 23. Kd2 exf5 24. Nxf5 Rd7 25. Qh5 Rh7 26. Qe8+ Bc8 27. Ne7
Rh2+ 28. Ke3 Rh3+ 29. Kf2 1-0

[Event "31st Bulgarian Open Chmpionshi"]
[Site "Plovdiv, Bulgaria"]
[Date "2009.02.03"]
[Round "4.27"]
[White "Spassov, Liuben"]
[Black "Krastev, Vasil"]
[Result "1/2-1/2"]
[WhiteElo "2417"]
[BlackElo "1938"]
[PlyCount "99"]
[EventDate "2009.02.01"]

1. d4 Nf6 2. c4 g6 3. Nc3 d5 4. cxd5 Nxd5 5. e4 Nxc3 6. bxc3 Bg7 7. Be3 c5 8.
Qd2 Qa5 9. Rc1 Nc6 10. d5 Ne5 11. h3 O-O 12. f4 Nd7 13. Nf3 b6 14. Bd3 Nf6 15.
c4 Qxd2+ 16. Nxd2 Rd8 17. g4 Bb7 18. g5 Ne8 19. Ke2 Rac8 20. h4 e6 21. h5 exd5
22. cxd5 Nd6 23. hxg6 hxg6 24. a4 Re8 25. Kf3 Bd4 26. Nc4 Nxc4 27. Bxc4 Bxe3
28. Kxe3 Kg7 29. Rh2 Rh8 30. Rch1 Rxh2 31. Rxh2 Rd8 32. e5 Bc8 33. d6 Bd7 34.
Bb5 Be6 35. Ke4 Rc8 36. Kd3 Rd8 37. Kc3 Rc8 38. Bc4 Bd7 39. Kb3 Rd8 40. Ka3 Rb8
41. Bxf7 Kxf7 42. Rh7+ Ke6 43. Re7+ Kd5 44. Rxd7 a6 45. Ra7 Kc4 46. d7 Kc3 47.
d8=Q Rxd8 48. Rb7 Rd1 49. Ka2 Rd2+ 50. Ka3 1/2-1/2

[Event "31st Bulgarian Open Chmpionshi"]
[Site "Plovdiv, Bulgaria"]
[Date "2009.02.03"]
[Round "4.28"]
[White "Galunova, Tsveta"]
[Black "Dobrev, Nanko"]
[Result "0-1"]
[WhiteElo "1891"]
[BlackElo "2409"]
[PlyCount "130"]
[EventDate "2009.02.01"]

1. e4 c5 2. c3 Nf6 3. e5 Nd5 4. Nf3 Nc6 5. d4 cxd4 6. cxd4 d6 7. Nc3 dxe5 8.
dxe5 Nxc3 9. Qxd8+ Kxd8 10. bxc3 h6 11. Bc4 e6 12. Be3 Bd7 13. O-O Kc7 14. Rad1
Be7 15. Rfe1 Rhd8 16. Nd4 a6 17. f4 g6 18. Rd2 Na5 19. Be2 Ba4 20. Rb1 Bc5 21.
Kh1 Ba7 22. Bf3 Rab8 23. Rdb2 Kc8 24. Rb4 b5 25. Bg1 Rd7 26. Nc6 Nxc6 27. Bxc6
Rc7 28. Bxa7 Rxa7 29. c4 Rc7 30. cxb5 Bc2 31. Rc1 Rxc6 32. Rb2 Be4 33. Rxc6+
Bxc6 34. Rc2 Rxb5 35. Rxc6+ Kb7 36. Rc1 Rb2 37. Ra1 Rf2 38. g3 Kc6 39. a4 Kd5
40. Kg1 Rd2 41. Rb1 Ke4 42. Rb3 Ra2 43. Rb4+ Kf3 44. Rb3+ Kg4 45. Rb7 Rxa4 46.
Kf2 g5 47. Rxf7 gxf4 48. Rf6 Ra2+ 49. Ke1 Ra1+ 50. Kf2 Ra2+ 51. Ke1 f3 52. Rxe6
Rxh2 53. Rg6+ Kf5 54. Rf6+ Ke4 55. Rxa6 Kxe5 56. Ra4 Rg2 57. g4 Re2+ 58. Kf1
Re4 59. Ra6 Kf4 60. Rxh6 Kg3 61. Rf6 Ra4 62. Ke1 Ra1+ 63. Kd2 f2 64. Ke2 Re1+
65. Kd2 f1=Q 0-1

[Event "31st Bulgarian Open Chmpionshi"]
[Site "Plovdiv, Bulgaria"]
[Date "2009.02.03"]
[Round "4.29"]
[White "Kojovic, Dragan"]
[Black "Papathanasiou, Ageliki"]
[Result "1-0"]
[WhiteElo "2403"]
[BlackElo "1923"]
[PlyCount "67"]
[EventDate "2009.02.01"]

1. e4 c5 2. Nf3 e6 3. d4 cxd4 4. Nxd4 Nf6 5. Nc3 d6 6. Be3 a6 7. f3 b5 8. Bd3
Bb7 9. Qd2 Be7 10. a4 b4 11. Na2 d5 12. e5 Nfd7 13. f4 Qa5 14. Nc1 Nc5 15. Ncb3
Nxb3 16. Nxb3 Qc7 17. a5 Nd7 18. O-O Rc8 19. Kh1 Nc5 20. Nxc5 Bxc5 21. Bxc5
Qxc5 22. Ra4 Bc6 23. Rxb4 Qxa5 24. f5 Bd7 25. f6 d4 26. Qf4 Qxb4 27. fxg7 Rf8
28. g8=Q Rxg8 29. Qxf7+ Kd8 30. Qxg8+ Kc7 31. Qxh7 Qxb2 32. Bxa6 Ra8 33. Bd3
Ra1 34. Qf7 1-0

[Event "31st Bulgarian Open Chmpionshi"]
[Site "Plovdiv, Bulgaria"]
[Date "2009.02.03"]
[Round "4.30"]
[White "Veselinov, Stoimen"]
[Black "Mladenov, Plamen"]
[Result "0-1"]
[WhiteElo "1888"]
[BlackElo "2373"]
[PlyCount "72"]
[EventDate "2009.02.01"]

1. e4 c5 2. Nf3 d6 3. d4 cxd4 4. Nxd4 Nf6 5. Nc3 Nc6 6. g3 Bg4 7. f3 Nxd4 8.
Qxd4 Bd7 9. Bc4 g6 10. Nd5 Bg7 11. Nxf6+ Bxf6 12. Qd5 O-O 13. Qxb7 Bh3 14. Bf1
Qa5+ 15. Bd2 Qh5 16. Bxh3 Qxh3 17. Qb5 Rab8 18. Qf1 Qxf1+ 19. Rxf1 Rxb2 20. Bh6
Rc8 21. Rf2 Bd4 22. Re2 Rcxc2 23. Rxc2 Rxc2 24. Rb1 f6 25. Rb7 Rxh2 26. Bf4 g5
27. Bd2 Kf8 28. a4 h5 29. a5 Rg2 30. a6 Rxg3 31. Ke2 h4 32. Be3 Bxe3 33. Kxe3
h3 34. Rxa7 h2 35. Ra8+ Kg7 36. a7 h1=Q 0-1

[Event "31st Bulgarian Open Chmpionshi"]
[Site "Plovdiv, Bulgaria"]
[Date "2009.02.03"]
[Round "4.31"]
[White "Petrov, Plamen"]
[Black "Badev, Kiril"]
[Result "0-1"]
[WhiteElo "1875"]
[BlackElo "2297"]
[PlyCount "28"]
[EventDate "2009.02.01"]

1. e4 c5 2. Nf3 e6 3. d4 cxd4 4. Nxd4 Nc6 5. Nc3 Nf6 6. Be3 Bb4 7. f3 d5 8. Bb5
Bd7 9. O-O e5 10. exd5 Nxd4 11. Bxd4 exd4 12. Re1+ Kf8 13. Qxd4 Bxc3 14. Qc5+
Kg8 0-1

[Event "31st Bulgarian Open Chmpionshi"]
[Site "Plovdiv, Bulgaria"]
[Date "2009.02.03"]
[Round "4.32"]
[White "Klasan, Vladimir"]
[Black "Borisov, Lubomir"]
[Result "1-0"]
[WhiteElo "2290"]
[BlackElo "1914"]
[PlyCount "66"]
[EventDate "2009.02.01"]

1. e4 e6 2. d4 d5 3. Nc3 dxe4 4. Nxe4 Bd7 5. Nf3 Bc6 6. Bd3 Nd7 7. O-O Be7 8.
Re1 Ngf6 9. Ned2 O-O 10. a4 a5 11. Nc4 Bxf3 12. Qxf3 c5 13. Be3 cxd4 14. Bxd4
Qc7 15. b3 Nc5 16. Bf1 Nfd7 17. Rad1 Bf6 18. Qc3 Rfc8 19. Na3 Qf4 20. g3 Qf5
21. Nc4 Bxd4 22. Rxd4 e5 23. Rd5 Ne4 24. Rxe4 Qxe4 25. Rxd7 Qc6 26. Rxf7 Re8
27. Rf5 e4 28. Re5 Rxe5 29. Qxe5 Re8 30. Qxa5 Qf6 31. Ne3 Rf8 32. Qd2 Rd8 33.
Nd5 e3 1-0

[Event "31st Bulgarian Open Chmpionshi"]
[Site "Plovdiv, Bulgaria"]
[Date "2009.02.03"]
[Round "4.33"]
[White "Jevtic, Sasa"]
[Black "Paskalev, Dinko"]
[Result "1-0"]
[WhiteElo "2275"]
[BlackElo "1875"]
[PlyCount "77"]
[EventDate "2009.02.01"]

1. Nf3 Nf6 2. b3 g6 3. Bb2 Bg7 4. g3 O-O 5. Bg2 c5 6. c4 d6 7. O-O Nc6 8. d4
Bg4 9. d5 Bxf3 10. Bxf3 Ne5 11. Nd2 Rb8 12. a4 a6 13. a5 Nxf3+ 14. exf3 b5 15.
axb6 Rxb6 16. Qc2 Bh6 17. f4 Qd7 18. Ra3 Qh3 19. Rfa1 Ng4 20. Nf1 Rfb8 21. Rxa6
Rxa6 22. Rxa6 Bg7 23. Bxg7 Kxg7 24. Ra7 Kf8 25. Qe2 Re8 26. Qb2 f6 27. b4 cxb4
28. Qxb4 Qh5 29. f3 Nh6 30. Qb3 Nf7 31. g4 Qh3 32. Qe3 g5 33. Ng3 gxf4 34. Qxf4
Ne5 35. Nh5 Nxf3+ 36. Kf2 Ng5 37. Nxf6 Qh4+ 38. Kg2 Nf7 39. Nxe8 1-0

[Event "31st Bulgarian Open Chmpionshi"]
[Site "Plovdiv, Bulgaria"]
[Date "2009.02.03"]
[Round "4.34"]
[White "Kafetzis, Georgios"]
[Black "Shishkov, Minko"]
[Result "0-1"]
[WhiteElo "1866"]
[BlackElo "2271"]
[PlyCount "102"]
[EventDate "2009.02.01"]

1. e4 c5 2. Nf3 e6 3. c4 b6 4. Nc3 Bb7 5. Be2 Nc6 6. O-O Nge7 7. Re1 Ng6 8. d4
cxd4 9. Nxd4 Qb8 10. Be3 Bd6 11. g3 Bc5 12. Qd2 O-O 13. Rad1 Nxd4 14. Bxd4 Bc6
15. Bxc5 bxc5 16. f4 f6 17. b3 Rd8 18. Qd6 Qxd6 19. Rxd6 Kf8 20. Bf3 Ke7 21.
Red1 e5 22. f5 Nh8 23. R6d3 Rab8 24. Nd5+ Bxd5 25. Rxd5 d6 26. h4 a5 27. R1d2
Rd7 28. g4 Nf7 29. Rg2 h6 30. g5 hxg5 31. Bh5 Rh8 32. Bxf7 Kxf7 33. hxg5 Rh4
34. g6+ Ke7 35. Re2 Rd8 36. Rdd2 Rf4 37. Kg2 Rh8 38. Rd3 Rfh4 39. Kf2 Rh1 40.
Rf3 R8h4 41. Ke3 Rd1 42. Rff2 Rd4 43. Kf3 Rf4+ 44. Kg3 Rd3+ 45. Kg2 Rg4+ 46.
Kh2 Rd4 47. Rf3 Rdxe4 48. Rxe4 Rxe4 49. Rh3 Rf4 50. Rh7 Rxf5 51. Rxg7+ Ke6 0-1

[Event "31st Bulgarian Open Chmpionshi"]
[Site "Plovdiv, Bulgaria"]
[Date "2009.02.03"]
[Round "4.36"]
[White "Todorov, Angel"]
[Black "Veleski, Robert"]
[Result "1/2-1/2"]
[WhiteElo "1849"]
[BlackElo "2269"]
[PlyCount "117"]
[EventDate "2009.02.01"]

1. d4 Nf6 2. c4 g6 3. Nc3 Bg7 4. e4 d6 5. f4 O-O 6. Nf3 Na6 7. Bd2 e5 8. fxe5
dxe5 9. d5 Nc5 10. Qc2 a5 11. Be2 Nh5 12. O-O-O f5 13. Be3 Nxe4 14. Nxe4 fxe4
15. Nd2 Nf4 16. Nxe4 Nxe2+ 17. Qxe2 Rf4 18. Nc5 Bg4 19. Qd3 Bxd1 20. Bxf4 Bg4
21. Be3 Bf5 22. Qd2 Qh4 23. b3 b6 24. Ne6 a4 25. Nxg7 axb3 26. axb3 Ra1+ 27.
Kb2 Rxh1 28. Nxf5 gxf5 29. d6 cxd6 30. Qxd6 f4 31. Qe6+ Kg7 32. Qxe5+ Qf6 33.
Bxf4 Re1 34. Qxf6+ Kxf6 35. Kc3 Re2 36. Kb4 Kf5 37. Bc7 Rxg2 38. Kb5 Rb2 39. b4
Ke6 40. Bxb6 Rxh2 41. Kc6 Rh4 42. Kb5 h5 43. c5 Rh1 44. c6 h4 45. Bc5 Re1 46.
Kb6 Kd5 47. Kb7 h3 48. c7 h2 49. c8=Q h1=Q 50. Qc6+ Kc4 51. Qxh1 Rxh1 52. Bd6
Kb5 53. Bc5 Rh7+ 54. Ka8 Kc6 55. Ba7 Rh8+ 56. Bb8 Rg8 57. Ka7 Rg4 58. Ka8 Rg2
59. Ba7 1/2-1/2

[Event "31st Bulgarian Open Chmpionshi"]
[Site "Plovdiv, Bulgaria"]
[Date "2009.02.03"]
[Round "4.37"]
[White "Porjazov, Petar"]
[Black "Ivanov, Valentin"]
[Result "0-1"]
[WhiteElo "2268"]
[BlackElo "1846"]
[PlyCount "70"]
[EventDate "2009.02.01"]

1. e4 c6 2. d4 d5 3. Nc3 a6 4. Bd3 dxe4 5. Bxe4 Nf6 6. Bf3 Bf5 7. Nge2 e6 8.
Ng3 Bg6 9. h4 h6 10. h5 Bh7 11. Nce2 Nbd7 12. Bf4 Nb6 13. c3 Bd6 14. a4 Bxf4
15. Nxf4 Qc7 16. Nd3 Rd8 17. Ne5 O-O 18. Qe2 Nbd7 19. Nxd7 Rxd7 20. O-O Re8 21.
Rfe1 Rde7 22. Qe5 Nd5 23. Be4 Nf6 24. Bxh7+ Kxh7 25. Rad1 Rd7 26. c4 Red8 27.
f4 Qb6 28. Ne2 Qxb2 29. f5 exf5 30. Qxf5+ Kg8 31. Qd3 Qb6 32. Rf1 Qc7 33. Rf5
Re8 34. Ng3 Rde7 35. Rdf1 Re3 0-1

[Event "31st Bulgarian Open Chmpionshi"]
[Site "Plovdiv, Bulgaria"]
[Date "2009.02.03"]
[Round "4.38"]
[White "Xia, Jie"]
[Black "Koutroukis, Andreas"]
[Result "1-0"]
[WhiteElo "2239"]
[BlackElo "1839"]
[PlyCount "63"]
[EventDate "2009.02.01"]

1. d4 Nf6 2. Nc3 g6 3. e4 d6 4. f4 Bg7 5. Nf3 O-O 6. Bd3 c5 7. dxc5 dxc5 8. e5
Nd5 9. Nxd5 Qxd5 10. Qe2 Nc6 11. c3 Bg4 12. Be4 Qd7 13. Be3 b6 14. Rd1 Qc7 15.
h3 Bxf3 16. Qxf3 Rac8 17. O-O Na5 18. h4 Rfd8 19. h5 Rxd1 20. Rxd1 Rd8 21.
Rxd8+ Qxd8 22. b3 e6 23. g3 Qd7 24. Kg2 Qb5 25. Qd1 Qa6 26. Qd8+ Bf8 27. Kf2
Nb7 28. Qd2 Na5 29. Qd7 Bg7 30. f5 gxf5 31. Qd8+ Bf8 32. Bh6 1-0

[Event "31st Bulgarian Open Chmpionshi"]
[Site "Plovdiv, Bulgaria"]
[Date "2009.02.03"]
[Round "4.39"]
[White "Angelov, Kosta"]
[Black "Nikolov, Mihail"]
[Result "1-0"]
[WhiteElo "2229"]
[BlackElo "1835"]
[PlyCount "49"]
[EventDate "2009.02.01"]

1. e4 c6 2. d4 d5 3. f3 e6 4. Nc3 b6 5. Bf4 Ba6 6. Nge2 Nf6 7. a3 Be7 8. Qd2
Nbd7 9. e5 Ng8 10. Nd1 c5 11. c3 h5 12. Ne3 Bh4+ 13. g3 Bg5 14. Nxd5 Bxf4 15.
Ndxf4 h4 16. Bg2 hxg3 17. hxg3 Rxh1+ 18. Bxh1 Nh6 19. O-O-O Qc7 20. d5 g5 21.
dxe6 Nxe5 22. Nd5 Qd8 23. e7 Qd6 24. Qxg5 Nd7 25. Nef4 1-0

[Event "31st Bulgarian Open Chmpionshi"]
[Site "Plovdiv, Bulgaria"]
[Date "2009.02.03"]
[Round "4.40"]
[White "Krastev, Kalin"]
[Black "Panajotov, Janko"]
[Result "0-1"]
[WhiteElo "1829"]
[BlackElo "2199"]
[PlyCount "100"]
[EventDate "2009.02.01"]

1. e4 d6 2. d4 Nf6 3. Nc3 c6 4. f4 Qa5 5. e5 Ne4 6. Qf3 d5 7. Bd3 f5 8. Nge2 e6
9. O-O c5 10. Bxe4 fxe4 11. Qf2 Nc6 12. Be3 cxd4 13. Nxd4 Nxd4 14. Bxd4 Be7 15.
Ne2 Bd7 16. a4 Qc7 17. c3 a5 18. Ng3 O-O 19. Qe3 b5 20. axb5 Bxb5 21. Rf2 a4
22. f5 Bh4 23. f6 gxf6 24. exf6 e5 25. Qh6 Bxf6 26. Rxf6 exd4 27. Nh5 dxc3 28.
bxc3 Rxf6 29. Qg5+ Rg6 30. Qxd5+ Qf7 31. Qxa8+ Qe8 32. Qd5+ Kf8 33. Qf5+ Ke7
34. Qxe4+ Kd6 35. Rd1+ Kc7 36. Qf4+ Kb7 37. c4 Bc6 38. Rb1+ Ka6 39. Ng3 Qe7 40.
Qd4 Bb7 41. c5 Qe8 42. Ra1 Bc6 43. Qb4 Bb5 44. Ne4 Qc6 45. Ng3 Rg5 46. Rc1 h5
47. Qd4 Rd5 48. Qb4 Rg5 49. Qd4 Rg4 50. Qd6 h4 0-1

[Event "31st Bulgarian Open Chmpionshi"]
[Site "Plovdiv, Bulgaria"]
[Date "2009.02.03"]
[Round "4.41"]
[White "Kamenov, Valentin"]
[Black "Arnaudov, Petar"]
[Result "0-1"]
[WhiteElo "1793"]
[BlackElo "2194"]
[PlyCount "113"]
[EventDate "2009.02.01"]

1. e4 c5 2. Nf3 g6 3. d4 Bg7 4. c3 Qa5 5. dxc5 Qxc5 6. Be3 Qa5 7. Bc4 Nc6 8.
Nbd2 Nf6 9. Bb3 O-O 10. O-O d5 11. exd5 Nxd5 12. Bg5 h6 13. Bh4 Bf5 14. Nc4 Qc5
15. Bg3 Rad8 16. Nd6 Nxc3 17. Nxb7 Rxd1 18. Nxc5 Ne2+ 19. Kh1 Nxg3+ 20. hxg3
Rxa1 21. Rxa1 Bxb2 22. Re1 Ba3 23. Ne4 Rd8 24. Nh4 Bb4 25. Re2 Nd4 26. Re3 Nxb3
27. Nxf5 gxf5 28. Rxb3 Rd1+ 29. Kh2 Be1 30. Nc3 Ra1 31. Nd5 e6 32. Nf6+ Kg7 33.
Nh5+ Kh7 34. Rb2 e5 35. Nf6+ Kg6 36. Nd7 f6 37. Rc2 Rd1 38. Nc5 Rd2 39. Rxd2
Bxd2 40. Kg1 f4 41. gxf4 Bxf4 42. Kf1 f5 43. Nd3 Kf6 44. Nb4 Bd2 45. Nc6 a6 46.
Ke2 Bc3 47. Nb8 a5 48. Kd3 Be1 49. f3 Ke6 50. Nc6 h5 51. Nd8+ Kd5 52. Nf7 Bh4
53. g4 hxg4 54. fxg4 f4 55. Nh6 e4+ 56. Ke2 f3+ 57. Ke3 0-1

[Event "31st Bulgarian Open Chmpionshi"]
[Site "Plovdiv, Bulgaria"]
[Date "2009.02.03"]
[Round "4.42"]
[White "Videnova, Iva"]
[Black "Krumova, Ani"]
[Result "1-0"]
[WhiteElo "2193"]
[BlackElo "1812"]
[PlyCount "63"]
[EventDate "2009.02.01"]

1. e4 Nf6 2. e5 Nd5 3. d4 d6 4. c4 Nb6 5. f4 dxe5 6. fxe5 c5 7. d5 e6 8. Nc3
exd5 9. cxd5 c4 10. d6 g6 11. Nf3 Bg4 12. Nd5 Nxd5 13. Qxd5 Bxf3 14. gxf3 Bg7
15. Bf4 Nc6 16. Bxc4 O-O 17. O-O Qh4 18. Bg3 Qg5 19. f4 Qg4 20. Kg2 h5 21. h3
Qd7 22. Rae1 Nd8 23. b3 Rc8 24. f5 gxf5 25. Qf3 Ne6 26. Qxf5 Qc6+ 27. Kh2 Nd4
28. Bxf7+ Rxf7 29. Qxf7+ Kh8 30. Qxh5+ Kg8 31. Qf7+ Kh8 32. Rf4 1-0

[Event "31st Bulgarian Open Chmpionshi"]
[Site "Plovdiv, Bulgaria"]
[Date "2009.02.04"]
[Round "5.1"]
[White "Radulski, Julian"]
[Black "Dimitrov, Radoslav"]
[Result "1-0"]
[WhiteElo "2579"]
[BlackElo "2376"]
[PlyCount "47"]
[EventDate "2009.02.01"]

1. e4 c6 2. d4 d5 3. Nc3 dxe4 4. Nxe4 Nf6 5. Nxf6+ exf6 6. c3 Bd6 7. Bd3 O-O 8.
Qc2 Re8+ 9. Ne2 h6 10. O-O Qc7 11. Ng3 Nd7 12. Be3 Nf8 13. Rae1 Bd7 14. c4 Ne6
15. c5 Bf4 16. Bc4 Ng5 17. Nh5 Bxh2+ 18. Kh1 Ne4 19. Bf4 Bxf4 20. Rxe4 Be5 21.
Rxe5 Be6 22. Re3 Bxc4 23. Qxc4 Qd7 24. Rg3 1-0

[Event "31st Bulgarian Open Chmpionshi"]
[Site "Plovdiv, Bulgaria"]
[Date "2009.02.04"]
[Round "5.2"]
[White "Antic, Dejan"]
[Black "Simeonov, Stefan"]
[Result "1-0"]
[WhiteElo "2495"]
[BlackElo "2350"]
[PlyCount "51"]
[EventDate "2009.02.01"]

1. Nf3 d5 2. d4 Bf5 3. c4 e6 4. Nc3 c6 5. Qb3 Qb6 6. c5 Qxb3 7. axb3 Nd7 8. b4
a6 9. b5 cxb5 10. Nxb5 Rc8 11. Nc3 Ne7 12. Bf4 Nc6 13. e3 Nb4 14. Kd2 b6 15.
Bxa6 Nxa6 16. Rxa6 bxc5 17. Rha1 Be7 18. Ra7 Nb8 19. Rb7 Nc6 20. Ne5 cxd4 21.
exd4 Bd6 22. Nxc6 Bxf4+ 23. Ke2 Bd6 24. Ra6 Bg4+ 25. f3 Bh5 26. g3 1-0

[Event "31st Bulgarian Open Chmpionshi"]
[Site "Plovdiv, Bulgaria"]
[Date "2009.02.04"]
[Round "5.3"]
[White "Pantev, Veselin"]
[Black "Spasov, Vasil"]
[Result "0-1"]
[WhiteElo "2381"]
[BlackElo "2595"]
[PlyCount "96"]
[EventDate "2009.02.01"]

1. e4 c5 2. c3 d6 3. d4 Nf6 4. dxc5 Nc6 5. Qc2 dxc5 6. Nf3 Qc7 7. Be2 Bg4 8.
O-O e6 9. a4 Be7 10. Na3 Rd8 11. Nc4 O-O 12. Ng5 h6 13. Bxg4 Nxg4 14. Nf3 Bd6
15. h3 Nh2 16. Nxh2 Bxh2+ 17. Kh1 Bf4 18. Bxf4 Qxf4 19. Rad1 Ne5 20. Nxe5 Qxe5
21. Qe2 f5 22. Kg1 Qxe4 23. Qxe4 fxe4 24. Rfe1 Rd3 25. Kf1 c4 26. Ke2 Rf5 27.
Rc1 Kf7 28. Rc2 Ra5 29. Kf1 e3 30. fxe3 Rxa4 31. Ke2 Ra2 32. Rf1+ Ke7 33. Rf4
b5 34. Rg4 g5 35. h4 Kf6 36. hxg5+ hxg5 37. Kf3 a5 38. Ke4 Rd5 39. Rg3 a4 40.
Rf2+ Rf5 41. Rgf3 Rxf3 42. Rxf3+ Ke7 43. Rg3 Rxb2 44. Rxg5 a3 45. Ke5 Kf7 46.
Rh5 a2 47. Rh7+ Kg6 48. Ra7 b4 0-1

[Event "31st Bulgarian Open Chmpionshi"]
[Site "Plovdiv, Bulgaria"]
[Date "2009.02.04"]
[Round "5.4"]
[White "Filev, Georgi"]
[Black "Chatalbashev, Boris"]
[Result "0-1"]
[WhiteElo "2378"]
[BlackElo "2560"]
[PlyCount "78"]
[EventDate "2009.02.01"]

1. e4 g6 2. d4 Bg7 3. Nc3 d6 4. f4 Nf6 5. Nf3 O-O 6. Be3 b6 7. Qd2 Bb7 8. e5
Ng4 9. Bg1 c5 10. dxc5 bxc5 11. O-O-O Qa5 12. h3 Nh6 13. Bc4 Bxf3 14. gxf3 Nc6
15. Bd5 Rac8 16. Ne4 Qxd2+ 17. Rxd2 dxe5 18. Bxc5 Nf5 19. Kb1 exf4 20. Bxc6
Rxc6 21. Bxa7 Ra8 22. Bc5 Ne3 23. Bxe7 Nc4 24. Rd8+ Rxd8 25. Bxd8 f5 26. Nc3
Nd2+ 27. Kc1 Nxf3 28. Rf1 Nd4 29. Bg5 Ne6 30. h4 Nxg5 31. hxg5 h6 32. Nd5 Kf7
33. gxh6 Bxh6 34. Rh1 g5 35. b4 g4 36. Kd1 f3 37. b5 Rd6 38. c4 g3 39. Ke1 Re6+
0-1